| 000 | 00793cab a2200241 4500 | ||
|---|---|---|---|
| 001 | WB3220-66 | ||
| 008 | 090401t1996 xxu||||| |||| 00| 0 eng d | ||
| 035 | _a(Sirsi) u8552 | ||
| 041 | _aeng | ||
| 245 | _aParty Wall Bill would save money | ||
| 260 | _c1996 | ||
| 350 | _a0 | ||
| 490 |
_aRICS Press Release _v(PR64/96) 21 May 1996, (2) |
||
| 520 | _aExtending the law concerning building work on party walls from the London Building Act to a nationwide Party Wall Bill, would save time and money for householders and businesses, says the RICS. | ||
| 650 |
_aBoundary disputes _96221 |
||
| 650 | _aDISPUTES | ||
| 650 | _aLONDON BUILDING ACT | ||
| 650 | _aPARTY WALL BILL | ||
| 650 |
_aParty walls _96258 |
||
| 690 | _aPROPERTY LAW AND PRACTICE | ||
| 942 | _n0 | ||
| 948 | _c04/03/1997 | ||
| 999 |
_c5287 _d5287 |
||